Second-grade friends / (Record no. 4776)

MARC details
000 -LEADER
fixed length control field 00919nam a22003017a 4500
001 - CONTROL NUMBER
control field 4776
003 - CONTROL NUMBER IDENTIFIER
control field FISKH
005 - DATE AND TIME OF LATEST TRANSACTION
control field 20250210111145.0
008 - FIXED-LENGTH DATA ELEMENTS--GENERAL INFORMATION
fixed length control field 241010b cb ||||| |||| 00| 0 eng d
020 ## - INTERNATIONAL STANDARD BOOK NUMBER
International Standard Book Number 9780590474634
040 ## - CATALOGING SOURCE
Original cataloging agency FISKH
Language of cataloging eng
Transcribing agency FISKH
Modifying agency FISKH
050 ## - LIBRARY OF CONGRESS CALL NUMBER
Classification number PZ7.C6628
082 ## - DEWEY DECIMAL CLASSIFICATION NUMBER
Classification number 164
100 ## - MAIN ENTRY--PERSONAL NAME
Personal name Cohen, Miriam
Dates associated with a name (1926-)
245 ## - TITLE STATEMENT
Title Second-grade friends /
Statement of responsibility, etc. by Miriam Cohen Illustrated by Diane Palmisciano
250 ## - EDITION STATEMENT
Edition statement First printing in 1993
260 ## - PUBLICATION, DISTRIBUTION, ETC.
Place of publication, distribution, etc. New York :
Name of publisher, distributor, etc. Scholastic,
Date of publication, distribution, etc. 1993.
300 ## - PHYSICAL DESCRIPTION
Extent 74 pages :
Other physical details illustrations ;
Dimensions 20 cm
505 ## - FORMATTED CONTENTS NOTE
Formatted contents note L<br/>
520 ## - SUMMARY, ETC.
Summary, etc. Jacob worries a lot. If only he knew how much his friends from second grade really like him!
521 8# - TARGET AUDIENCE NOTE
Target audience note 520<br/><br/>
Source Lexile<br/>
521 8# - TARGET AUDIENCE NOTE
Target audience note L<br/>
Source Raz-Plus<br/>
650 ## - SUBJECT ADDED ENTRY--TOPICAL TERM
Source of heading or term Friendship
Topical term or geographic name entry element Grade 2
650 ## - SUBJECT ADDED ENTRY--TOPICAL TERM
Source of heading or term Homeschool
Topical term or geographic name entry element Realistic
700 ## - ADDED ENTRY--PERSONAL NAME
Personal name Palmisciano, Diane
Dates associated with a name Illustrator
942 ## - ADDED ENTRY ELEMENTS (KOHA)
Source of classification or shelving scheme Dewey Decimal Classification
Koha item type Books
Suppress in OPAC No
Holdings
Withdrawn status Lost status Source of classification or shelving scheme Damaged status Not for loan Collection Home library Current library Shelving location Date acquired Total Checkouts Full call number Barcode Date last seen Copy number Price effective from Koha item type
    Dewey Decimal Classification     Juvenile Fiction Footprints International School Library Network Toul Kork Campus Footprints International School Library Network Toul Kork Campus TK Primary Library Room(4th Floor), Bookcase 3&4, Shelves 17-32, Yellow Books 10/10/2024   COH 164 PZ7.C6628 2024-2123 10/10/2024 1 10/10/2024 Books
    Dewey Decimal Classification     Juvenile Fiction Footprints International School Library Network Toul Kork Campus Footprints International School Library Network Toul Kork Campus TTP Primary Yellow Bookshelves 02/10/2025   COH 164 PZ7.C6628 2025-0467 02/10/2025 2 02/10/2025 Books